01014nac a22002291u 4500010001600000020001500016082001500031090001500046100003400061245028800095260005600383300002500439500006400464500002200528504003000550650001600580650002700596700002600623942001700649999001500666952010300681 a 77084465 a087201473800a658.4bBLA c9123d9123 aBlake, Robert Rogers, 14aThe new managerial grid :bstrategic new insights into a proven system for increasing organization productivity and individual effectiveness, plus a revealing examination of how your managerial style can affect your mental and physical health /cRobert R. Blake, Jane Srygley Mouton. aHouston :bGulf Pub. Co., Book Division,1978c1978. aix, 329 p. ;c24 cm. aEdition of 1964 published under title: The managerial grid. aIncludes indexes. aBibliography: p. 233-311. 0aManagement. 0aIndustrial management.1 aMouton, Jane Srygley, cBBk658.4BLA c9123d9123 00104070aMAINbMAINc1STd2015-04-08ePurchasel0o658.4BLAp000011047r2025-07-15 00:00:00yBB